| 000 | 00682 a2200241 4500 | ||
|---|---|---|---|
| 001 | 200002298 | ||
| 999 |
_c200002298 _d30031 |
||
| 003 | TR-AnTOB | ||
| 005 | 20230824104146.0 | ||
| 008 | 111115s2003 ru 000 0 | ||
| 020 | _a5865473085 | ||
| 040 | _aTR-AnTOB | ||
| 041 | _arus | ||
| 050 | _aPG2065 | ||
| 099 | _aPCR SKI ZLA PET 2003 | ||
| 100 | 1 |
_aGlazunova, O. I. _971225 |
|
| 245 | 1 | 0 |
_aPeterburg v zhizni i tvorchestve russkikh pisatelej / _cO. I. Glazunova. |
| 264 | 1 |
_aSank - Peterburg : _bZlatoust, _c2003. |
|
| 300 |
_a456 p.; _c20 cm. |
||
| 650 | 0 |
_aRussian language _xStudy and teaching _971218 |
|
| 650 | 0 |
_aRussian language _vTextbooks for foreign speakers _971267 |
|
| 942 | _cBK | ||